00391nam a2200181Ia 4500003000400000005001700004006001900021007000300040008004100043024001000084037001200094040002000106041001300126082001700139100001700156245002700173260000900200OSt20220928145004.0a|||||r|||| 00| 0 ta220927b |||||||| |||| 00| 0 eng d a77933 cTextual aSDCLcSDCLbeng 2engaeng aDelta:87, M4 aChawdhri L R 0aPracticals of yantras. c1984